|
|
|
|
| LEADER |
00000cam a2200000 a 4500 |
| 001 |
vtls001074577 |
| 003 |
SK-MaSNL |
| 005 |
20260302063916.0 |
| 008 |
240318s1993 xo g 0000f slo |
| 015 |
|
|
|a SNBA1994/04
|
| 020 |
|
|
|a 8085327147
|q (viaz.)
|
| 035 |
|
|
|a F178829A-7F0C-4862-A014-DEDE380069FF
|
| 035 |
|
|
|a SNK000017409
|
| 035 |
|
|
|a urn:nbn:sk:snk-am003lik
|
| 035 |
|
|
|a urn:nbn:sk:snk-amjaz1
|
| 040 |
|
|
|a SNK
|b slo
|c SNK
|e AACR2
|
| 041 |
1 |
|
|a slo
|h eng
|
| 044 |
|
|
|a xo
|c SK
|
| 080 |
|
|
|a 820 (73)-3
|2 1981
|
| 100 |
1 |
|
|a Steel, Danielle,
|d 1947-
|4 aut
|9 192175
|
| 245 |
1 |
0 |
|a Tajomstvá
|c Danielle Steelová ; preklad Anežka Krupová
|
| 260 |
|
|
|a Bratislava
|b Ediposs
|c 1993
|e Martin
|f Neografia
|
| 300 |
|
|
|a 288 s.
|c 20 cm
|
| 500 |
|
|
|a Preložené z angličtiny
|
| 700 |
1 |
|
|a Krupová, Anežka1
|4 trl
|9 45062
|
| 852 |
|
|
|a Slovenská národná knižnica
|
| 919 |
|
|
|a 80-85327-14-7
|
| 954 |
|
|
|a beletria cudzojazyčná (svetová)
|2 lita
|
| 958 |
|
|
|a LX
|
| 958 |
|
|
|a SK
|
| 958 |
|
|
|a UP
|
| 968 |
|
|
|a SLO
|b ENG
|
| 999 |
|
|
|c 1134713
|d 1136643
|
| 952 |
|
|
|a SNK
|b SNK
|y VYP
|7 0
|p 17A0016371
|o snkSD 66008 D1
|i snkKSP 2948/94
|0 0
|1 0
|4 0
|d 1996-10-31
|l 0
|r 2026-03-02 09:40:17
|w 2026-02-24
|
| 952 |
|
|
|a SNK
|b SNK
|y PREZ
|7 0
|p 17A1021114
|o snkSD 66008
|i snkKSP 2947/94
|0 0
|1 0
|4 0
|d 2013-07-17
|l 0
|r 2026-02-24 19:15:23
|w 2026-02-24
|